| 000 | 00475nam a2200145 i 4500 | ||
|---|---|---|---|
| 001 | 26070 | ||
| 003 | ES-MaACL | ||
| 007 | t| | ||
| 008 | 030107s1983 sp ||||1| spa d | ||
| 100 | 1 |
_aArespacochaga y Reguero, José María. _922640 |
|
| 245 | 1 | 0 |
_aContabilidad para la pequeña y mediana empresa / _cJosé María Arespacochaga y Reguero. |
| 260 |
_aMadrid : _bIbérico Europea de Ediciones, _c[1983] |
||
| 300 |
_a211 p. ; _c21 cm. |
||
| 852 |
_aES-MaACL _jL-4305 _bR.105072 |
||
| 999 |
_c26070 _d26070 |
||